| 000 | 00000nam 2200000za 4500 |
| 001 | 9.693231 |
| 003 | CaOODSP |
| 005 | 20210929082801 |
| 007 | cr ||||||||||| |
| 008 | 150407|2009||||xxc|||||o f|0| 0 eng d |
| 020 | |a978-1-100-15222-6 |
| 040 | |aCaOODSP|beng |
| 043 | |an-cn--- |
| 086 | 1 |aFo149-1/2009E-PDF |
| 110 | 1 |aCanada. |bNatural Resources Canada. |bCanadian Forest Service. |
| 245 | 10|aCanadian Wood Fibre Centre, implementation plan, 2009-2011 / |h[electronic resource]|c[issued by] Canadian Wood Fibre Centre. |
| 260 | |aOttawa - Ontario : |bNatural Resources Canada. |cMarch 2010. |
| 300 | |a24p.|bcoloured figs., table, photographs |
| 520 | 3 |aThis plan, which covers the period 2009-2011, has three objectives: To provide a framework for integrating the Canadian Wood Fibre Centre (CWFC) fully into the strategic directions of FPInnovations; To provide direction for implementing CWFC research and knowledge exchange programs; and To provide guidance for reporting on the impact of CWFC activities. |
| 590 | |a12-24-Supp|b2012-05-30 |
| 690 | 07|aForestry|2gcpds |
| 690 | 07|aForestry products|2gcpds |
| 775 | 08|tCentre canadien sur la fibre de bois, plan de mise en œuvre, 2009-2011 / |w(CaOODSP)9.637433 |
| 776 | 0#|tCanadian Wood Fibre Centre - Implementation plan 2009-2011 / |w(CaOODSP)9.672111 |
| 776 | 0#|tCentre canadien sur la fibre de bois - Plan de mise en œuvre 2009-2011 / |w(CaOODSP)9.672112 |
| 795 | |tCanadian Wood Fibre Centre - Development plan 2006-2009 / |w(CaOODSP)9.689986 |
| 856 | 40|ahttp://publications.gc.ca|qPDF|s663 KB|uhttps://publications.gc.ca/collections/collection_2011/rncan-nrcan/Fo149-1-2009-eng.pdf |